00609cam a2200169Ki 4500082001900000100002600019245004300045250002100088260003200109300003800141526003700179650001300216856006500229942001200294999001900306952011400325 a942.08bOMAcD1 aOman, Charles,94954412aA history of Englandcby Charles Oman. a9th and enl. ed. aLondon :bE. Arnold,c1902. avi, [2], 776 p. :bmaps ;c19 cm. a0b0c0d942_080000000000000_OMA aMCE937940uhttp://catalog.hathitrust.org/api/volumes/oclc/36981076.html 2ddccBK c552780d552780 00102ddc4070aMCEbMCEcArchive Sectiond2015-01-22l0o942.08 OMApMCE-ECH/59r2015-01-22w2015-01-22yBK